000 00871pam a2200277 a 4500
001 015610715
003 Uk
005 20150408113951.0
008 111130s2011 nyua b 001 0 eng d
015 _aGBB088979
_2bnb
020 _a9780071221986 (pbk.)
020 _a0071221980 (pbk.)
040 _aStDuBDS
_beng
_cStDuBDS
_dUk
042 _aukblsr
082 0 4 _a590 I N P
_222
245 0 0 _aIntegrated principles of zoology.
250 _aInternational student ed., 15th ed. /
_bCleveland P. Hickman ... [et al.].
260 _aNew York :
_bMcGraw-Hill,
_cc2011.
300 _axv, 842 p. :
_bill. (some col.) ;
_c28 cm.
500 _aFormerly CIP.
_5Uk
504 _aIncludes bibliographical references and index.
650 0 _aZoology.
_96596
700 1 _aHickman, Cleveland P.
_96597
942 _2ddc
_cDVD
999 _c18917
_d253417